000
00236pab a2200109 454500
008
180718b xxu||||| |||| 00| 0 eng d
100
_a
Behl, R.K
245
_a
Value-based education
650
_a
Education
773
_a
Tribune
909
_a
2419
999
_c
2419
_d
2419